Géo: Plus grand ou plus petit (Vrai ou Faux) 3 - Statistiques

Statistiques générales
  • Ce quiz a été pris 94 fois
  • Le résultat moyen est 15 sur 25
Statistiques - réponses
Question Réponse % Correct
Le Brésil est plus grand que la Chine Faux
100%
La France est plus petite que le Texas Vrai
100%
Le Canada est plus grand que les Etats-Unis Vrai
100%
La République démocratique du Congo est plus grande que l'Argentine Faux
86%
Le Tchad est plus grand que le Niger Vrai
86%
La Suède est plus grande que l'Espagne Faux
71%
L'Algérie est plus petite que la République démocratique du Congo Faux
71%
Le Maroc est plus grand que la Californie Vrai
71%
L'Indonésie est plus grande que le Soudan Vrai
71%
Le Soudan du Sud est plus petit que la Somalie Faux
57%
Le Japon est plus grand que l'Allemagne Vrai
57%
Madagascar est plus grand que le Botswana Vrai
57%
Le Kazakhstan est plus grand que l'Algérie Vrai
57%
L'Australie est plus petite que le Brésil Vrai
57%
La Thaïlande est plus grande que le Yémen Faux
43%
Le Pakistan est plus grand que le Mozambique Faux
43%
La Namibie est plus petite que le Venezuela Faux
43%
Le Mali est plus petit que la Mauritanie Faux
43%
Le Pérou est plus petit que la Colombie Faux
43%
L'Iran est plus grand que la Libye Faux
43%
Le Mexique est plus petit que le Groenland Vrai
43%
Le Chili est plus grand que la Turquie Faux
29%
Le Nigeria est plus grand que la Tanzanie Faux
29%
L'Angola est plus grand que l'Afrique du Sud Vrai
29%
La Mongolie est plus petite que l'Alaska Vrai
29%
Aucun quiz correspondant
Distribution des résultats
% des personnes avec chaque résultat
Percentile par nombre de réponses
Votre historique - résultats
Vous n’avez pas pris ce quiz